<?xml version="1.0" encoding="UTF-8"?>
<record
    xmlns:xsi="http://www.w3.org/2001/XMLSchema-instance"
    xsi:schemaLocation="http://www.loc.gov/MARC21/slim http://www.loc.gov/standards/marcxml/schema/MARC21slim.xsd"
    xmlns="http://www.loc.gov/MARC21/slim">

  <leader>00886cam a22002531  4500</leader>
  <controlfield tag="001">sa 65006740 </controlfield>
  <controlfield tag="003">DLC</controlfield>
  <controlfield tag="005">20260227112144.0</controlfield>
  <controlfield tag="008">861105s1963    ii c          000 0dtelx </controlfield>
  <datafield tag="010" ind1=" " ind2=" ">
    <subfield code="a">sa 65006740 </subfield>
  </datafield>
  <datafield tag="025" ind1=" " ind2=" ">
    <subfield code="a">PL480:I-Te-715</subfield>
  </datafield>
  <datafield tag="035" ind1=" " ind2=" ">
    <subfield code="a">(OCoLC)15302455</subfield>
  </datafield>
  <datafield tag="040" ind1=" " ind2=" ">
    <subfield code="a">DLC</subfield>
    <subfield code="c">NN</subfield>
    <subfield code="d">DLC</subfield>
  </datafield>
  <datafield tag="042" ind1=" " ind2=" ">
    <subfield code="a">premarc</subfield>
  </datafield>
  <datafield tag="050" ind1="0" ind2="0">
    <subfield code="a">PL4780.9.V3973</subfield>
    <subfield code="b">S7</subfield>
  </datafield>
  <datafield tag="100" ind1="2" ind2=" ">
    <subfield code="a">Venkata Subrahmanya Sastri, Maddulapalli,</subfield>
    <subfield code="d">1900-</subfield>
  </datafield>
  <datafield tag="245" ind1="1" ind2="0">
    <subfield code="a">&#x15A;r&#x12B; Bhaktap&#x14D;tar&#x101;j&#x12B;yamu,</subfield>
    <subfield code="b">aida&#x1E45;kamulan&#x101;&#x1E6D;akamu.</subfield>
    <subfield code="c">Grantha karta Maddulapalli V&#x113;&#x1E45;ka&#x1E6D;asubrahma&#x1E47; ya&#x15B;&#x101;stri.</subfield>
  </datafield>
  <datafield tag="260" ind1=" " ind2=" ">
    <subfield code="a">Hind&#x16B;puramu,</subfield>
    <subfield code="b">&#x15A;r&#x12B; Kr&#x325;&#x1E63;&#x1E47;ad&#x113;var&#x101;ya Grantham&#x101;la,</subfield>
    <subfield code="c">1963.</subfield>
  </datafield>
  <datafield tag="300" ind1=" " ind2=" ">
    <subfield code="a">ix, 82 p.</subfield>
    <subfield code="b">ports.</subfield>
    <subfield code="c">21 cm.</subfield>
  </datafield>
  <datafield tag="500" ind1=" " ind2=" ">
    <subfield code="a">In Telugu.</subfield>
  </datafield>
  <datafield tag="500" ind1=" " ind2=" ">
    <subfield code="a">A play.</subfield>
  </datafield>
  <datafield tag="500" ind1=" " ind2=" ">
    <subfield code="a">Includes biographical information of the author and a list of his works: p. iii-iv.</subfield>
  </datafield>
  <datafield tag="600" ind1="0" ind2="0">
    <subfield code="a">P&#x14D;tana,</subfield>
    <subfield code="d">active 15th century</subfield>
    <subfield code="v">Drama.</subfield>
  </datafield>
  <datafield tag="999" ind1=" " ind2=" ">
    <subfield code="c">64832</subfield>
    <subfield code="d">64832</subfield>
  </datafield>
</record>
